| 000 | 00946 a2200301 4500 | ||
|---|---|---|---|
| 999 |
_c200429171 _d47095 |
||
| 003 | TR-AnTOB | ||
| 005 | 20230606001025.0 | ||
| 007 | ta | ||
| 008 | 111104s2001 tu 00110 tur | ||
| 020 | _a9758308491 | ||
| 040 |
_aGAZIU _beng _cTR-AnTOB _erda |
||
| 041 | 0 | _atur | |
| 049 | _aMAIN | ||
| 050 | 0 | 0 |
_aDR589 _b.U53 2001 |
| 090 |
_aDR589 _b.U53 2001 |
||
| 100 | 1 |
_aÜnal, Tahsin _4author _910533 |
|
| 245 | 1 | 0 |
_aAtatürk ve milli mücadele / _cTahsin Ünal ; yayına hazırlayanlar Ali Güler, Suat Akgül. |
| 264 |
_aAnkara : _bBerikan, _c2001. |
||
| 300 |
_ax, 436 s. ; _c21 cm. |
||
| 336 |
_2rdacontent _atext _btxt |
||
| 337 |
_2rdamedia _aunmediated _bn |
||
| 338 |
_2 rdacarrier _avolume _bnc |
||
| 600 | 0 |
_aAtatürk, Mustafa Kemal _d1881-1938 _920781 |
|
| 651 | 0 |
_aTürkiye _xTarih _yKurtuluş Savaşı, 1918-1923 _910811 |
|
| 651 | 0 |
_aTurkey _xHistory _yRevolution, 1918-1923 _941590 |
|
| 942 |
_2lcc _cBK |
||